Annual bulletin of housing and building statistics for Europe 1980
Uložené v:
| Médium: | Kniha |
|---|---|
| Jazyk: | English French Russian |
| Vydavateľské údaje: |
New York
United Nations
1981
|
| Tagy: |
Žiadne tagy, Buďte prvý, kto otaguje tento záznam!
|
MARC
| LEADER | 00000nam a2200000 4500 | ||
|---|---|---|---|
| 001 | c139688 | ||
| 005 | 20041019155316.7 | ||
| 041 | 0 | |a eng | |
| 041 | 0 | |a fre | |
| 041 | 0 | |a rus | |
| 044 | |a US | ||
| 245 | 1 | 0 | |a Annual bulletin of housing and building statistics for Europe 1980 |
| 264 | 1 | |a New York |b United Nations |c 1981 | |
| 300 | |a 81 s. | ||